<?xml version="1.0" encoding="UTF-8"?>
<marc:record xmlns:marc="http://www.loc.gov/MARC21/slim">
   <marc:leader>00000nam a2200000 a 4500</marc:leader>
   <marc:datafield ind1="1" ind2=" " tag="100">
      <marc:subfield code="a">MacAlindin, Paul</marc:subfield>
      <marc:subfield code="4">aut</marc:subfield>
      <marc:subfield code="e">Verfasser/-in</marc:subfield>
   </marc:datafield>
   <marc:datafield ind1=" " ind2=" " tag="653">
      <marc:subfield code="a">National Youth Orchestra of Iraq / Geschichte</marc:subfield>
   </marc:datafield>
   <marc:datafield ind1="0" ind2="0" tag="245">
      <marc:subfield code="a">Bis der letzte Ton verklingt</marc:subfield>
   </marc:datafield>
   <marc:datafield ind1="0" ind2="0" tag="245">
      <marc:subfield code="b">die Geschichte des irakischen Jugendorchesters</marc:subfield>
   </marc:datafield>
   <marc:datafield ind1="0" ind2="0" tag="245">
      <marc:subfield code="c">MacAlindin, Paul</marc:subfield>
   </marc:datafield>
   <marc:datafield ind1=" " ind2="1" tag="264">
      <marc:subfield code="a">München</marc:subfield>
      <marc:subfield code="b">Wilhelm Heyne Verlag</marc:subfield>
      <marc:subfield code="c">2017</marc:subfield>
   </marc:datafield>
   <marc:datafield ind1="1" ind2=" " tag="520">
      <marc:subfield code="a">Angaben aus der Verlagsmeldung &#xD;
&#xD;
 &#xD;
&#xD;
  Bis der letzte Ton verklingt : Die Geschichte des irakischen Jugendorchesters Upbeat / von Paul MacAlindin &#xD;
&#xD;
 &#xD;
Bis der letzte Ton verklingt erzählt die Geschichte von Mut und Musik inmitten eines zerstörten Landes. Auf die Initiative junger irakischer Musiker entschließt sich der erfolg-reiche Dirigent Paul MacAlindin, das sichere Europa zu verlassen und zwischen militäri-scher Gewalt und politischer Repression das National Youth Orchestra of Iraq zu leiten. Er ist begeistert vom Engagement und Talent der Nachwuchskünstler, die trotz persönlicher Schicksalsschläge weder die Hoffnung in die Zukunft noch die Liebe zur Musik verloren haben. Auftritte in der ganzen Welt, Widerstand im eigenen Land  MacAlindin beschreibt die Höhen und Tiefen in der jungen und doch ereignisreichen Geschichte des Orchesters.</marc:subfield>
   </marc:datafield>
   <marc:datafield ind1=" " ind2=" " tag="020">
      <marc:subfield code="a">9783453271029</marc:subfield>
      <marc:subfield code="9">9783453271029</marc:subfield>
   </marc:datafield>
   <marc:datafield ind1=" " ind2=" " tag="020">
      <marc:subfield code="a">3453271025</marc:subfield>
      <marc:subfield code="9">3453271025</marc:subfield>
   </marc:datafield>
   <marc:datafield ind1=" " ind2=" " tag="041">
      <marc:subfield code="a">ger</marc:subfield>
   </marc:datafield>
   <marc:datafield ind1=" " ind2=" " tag="300">
      <marc:subfield code="b">Illustrationen</marc:subfield>
   </marc:datafield>
   <marc:datafield ind1=" " ind2=" " tag="338">
      <marc:subfield code="a">Band</marc:subfield>
   </marc:datafield>
   <marc:datafield ind1=" " ind2=" " tag="300">
      <marc:subfield code="a">400 Seiten</marc:subfield>
   </marc:datafield>
</marc:record>
